Les clubs derniers de Ligue 1 - Statistiques

Statistiques générales
  • Ce quiz a été pris 173 fois
  • Le résultat moyen est 52 sur 85
Statistiques - réponses
Saison Club % Correct
1959-60 Girondins de Bordeaux
93%
2021-22 Girondins de Bordeaux
93%
1980-81 Angers SCO
91%
1993-94 Angers SCO
91%
2022-23 Angers SCO
91%
2006-07 FC Nantes
90%
1958-59 Olympique de Marseille
88%
1962-63 Olympique de Marseille
88%
1988-89 RC Lens
86%
2014-15 RC Lens
86%
1976-77 Stade Rennais
86%
1983-84 Stade Rennais
86%
1986-87 Stade Rennais
86%
1990-91 Stade Rennais
86%
1998-99 Toulouse FC
86%
2019-20 Toulouse FC
86%
1951-52 RC Strasbourg
85%
2000-01 RC Strasbourg
85%
1949-50 FC Metz
83%
1961-62 FC Metz
83%
2005-06 FC Metz
83%
2007-08 FC Metz
83%
2017-18 FC Metz
83%
1972-73 AC Ajaccio
82%
2013-14 AC Ajaccio
82%
1984-85 RC Paris
82%
1985-86 Bastia SC
81%
2016-17 Bastia SC
81%
1933-34 CA Paris
81%
1963-64 OGC Nice
80%
1968-69 OGC Nice
80%
1996-97 OGC Nice
80%
1979-80 Stade Brestois
80%
2012-13 Stade Brestois
80%
2001-02 FC Lorient
75%
1987-88 Le Havre
75%
2008-09 Le Havre
74%
1981-82 Montpellier
73%
1978-79 Stade de Reims
73%
2002-03 Troyes (ESTAC)
73%
2015-16 Troyes (ESTAC)
73%
1956-57 Nancy
71%
1991-92 Nancy
71%
1952-53 Montpellier HSC
70%
1999-00 Montpellier HSC
70%
2003-04 Montpellier HSC
70%
2020-21 Dijon FCO
69%
1945-46 FC Sochaux
69%
1994-95 FC Sochaux
69%
1992-93 Nîmes Olympique
69%
1934-35 Sporting Club nîmois
69%
2018-19 En avant de Guingamp
67%
2009-10 Grenoble F38
65%
1937-38 Valenciennes FC
59%
1969-70 Valenciennes FC
59%
1970-71 Sedan Ardennes
57%
1973-74 Sedan Ardennes
57%
1975-76 Avenir Club avignonnais
54%
1946-47 FC Rouen
50%
1977-78 FC Rouen
50%
1947-48 Red Star
46%
1965-66 Red Star
46%
1974-75 Red Star
46%
1964-65 SC Toulon
46%
1953-54 FC Sète
40%
1997-98 AS Cannes
39%
1948-49 AS Cannes-Grasse
39%
2010-11 AC Arles-Avignon
38%
2004-05 Istres FC
36%
1967-68 AS Aix
35%
1932-33 FC Mulhouse ; Olympique d'Alès
31%
1938-39 RC Roubaix
27%
1936-37 FC Mulhouse
24%
1989-90 FC Mulhouse
24%
1995-96 FC Martigues
22%
1935-36 Olympique d'Alès
16%
1957-58 AS Bèziers
15%
1971-72 AS Angoulême
11%
1982-83 FC Mulhouse
9%
1966-67 Stade Français
4%
2011-12 AJ Auxerre
3%
1955-56 AS Troyes Sainte-Savine
0%
1960-61 AS Troyes Sainte-Savine
0%
1954-55 CO Roubaix-Tourcoing
0%
1950-51 Stade français-Red Star
0%
Aucun quiz correspondant
Distribution des résultats
% des personnes avec chaque résultat
Percentile par nombre de réponses
Votre historique - résultats
Vous n’avez pas pris ce quiz